Los derechos humanos y las ciencias sociales en América Latina /

שמור ב:
מידע ביבליוגרפי
מחבר ראשי: Solari Yrigoyen, Hipólito
פורמט: ספר
שפה:Spanish
תגים: הוספת תג
אין תגיות, היה/י הראשונ/ה לתייג את הרשומה!

MARC

LEADER 00000nam a22000007a 4500
003 cru CIDCACS/IIS
005 20170525132917.0
007 ta
008 170524s1983 cr ||||| |||| 00| 0 spa d
040 |c cru CIDCACS/IIS 
100 1 |9 4870  |a Solari Yrigoyen, Hipólito 
245 1 4 |a Los derechos humanos y las ciencias sociales en América Latina /  |c Hipólito Solari Yrigoyen 
300 |a páginas 65-67 
773 0 |0 19374  |9 913  |a Comisión Andina de Juristas  |d Lima, Perú Comisión Andina de Juristas  |o 17831  |t Boletín / 
942 |2 ddc  |c PP 
999 |c 19375  |d 19375